Serbisches & Montenegrinisches Kyrillisches Alphabet - Statistiken

Allgemein
  • Dieses Quiz wurde 199 mal gespielt
  • Das Durchschnittsergebnis liegt bei 21 aus 31
Antwortstatistiken
Majuskel Minuskel Majuskel Minuskel % Korrekt
А а A a
100%
Б б B b
100%
Д д D d
93%
Г г G g
90%
Е е E e
84%
В в V v
84%
К к K k
80%
О o O o
80%
И и I i
78%
Л л L l
78%
М м M m
78%
П п P p
78%
Т т T t
78%
Н н N n
77%
Ј ј J j
76%
Р р R r
76%
С с S s
75%
У у U u
72%
Ф ф F f
67%
С́ с́ Ś ś
62%
З з Z z
62%
Ш ш Š š
57%
Х х H h
52%
Ж ж Ž ź
51%
З́ з́ Ź ź
51%
Ц ц C c
48%
Ђ ђ Đ | Dj đ | dj
47%
Љ љ Lj lj
43%
Ч ч Č č
41%
Ћ ћ Ć ć
36%
Џ џ
20%
Keine übereinstimmenden Quizze gefunden
Verteilung der Resultate
Anzahl Personen mit jedem Resultat
Perzentil nach korrekt beantworteten Fragen
Ihre Resultats-Entwicklung
Sie haben dieses Quiz noch nicht gespielt